00964 2200217 4500001002100000005001500021035002000036245025300056100001900309250002000328300005500348856002800403700010600431260006800537082001000605084001600615020002200631600004200653008004100695990001000736INLIS00000000114772120260306124027 a0010-03260002321 aPERAN STRATEGIS BUM DESA UNTUK PEMBERDAYAAN MASYARAKAT /cPenulis; Dr. Hj. Ellen Rusliati, S.E, M.S.I.E dan Dr. Hj. Mujibah A. Sufyani, S,E,, M.M, Editor; Zakiyatur Rosidah, Desain Cover; Ali Hasan Zein, Tata Letak; Tata, Proofreader; Mira Muarifah0 aEllen Rusliati aCetakan Pertama ax, 85 halaman :bIlustrasi ;c15.5 x 23 cmeKertas aPerpustakaan Keliling 30 aEditor; Zakiyatur Rosidah, Desain Cover; Ali Hasan Zein, Tata Letak; Tata, Proofreader; Mira Muarifah aYogyakarta :bDEEPUBLISH (Grup Penerbitan CV BUDI UTAMA),c2025 a338.9 a338.9 ELL p a978-623-02-9245-3 4aPermasalahan dan Kesejahtraan Sosisal260306 0  a//001